Statistics for Brawl Stars Characters by Skins

Click here to take the quiz!

General Stats

  • This quiz has been taken 294 times
    (238 since last reset)
  • The average score is 31 of 80

Answer Stats

HintAnswer% Correct
Sway Master, Golden, Unicorn KnightBarley
90%
Monster Truck, Beetle, ___alodonMeg
75%
Flagbearer, Pink, CalaveraPiper
66%
Dancer, Princess, PSGShelly
63%
V-____, Classic, Haunted House8-Bit
59%
___genie, Kong, DIYSurge
59%
Runaway, DetectiveGray
58%
DJ, Vanara, CavemanFrank
57%
Swamp, Evil, PirateGene
56%
World Champion, Balloon Sally, Boy ScoutGus
56%
SifMelodie
56%
Pinata, Ninja, Pizza OvenAsh
54%
Koya, Lantern, Sugar RushSandy
54%
Desert Scorpion, InfernalChuck
53%
Mascot, Dumpling, CupcakeDarryl
53%
Baby Shark, Quarterback, BrownEl Primo
53%
Squeakbuster, Nutcracker, MerchantGale
52%
Trixie, Navigator, GladiatorColette
51%
Foot______, Unicorn, EmpressBonnie
50%
Bunny, Franken____, DasisGrom
50%
Rodeo, Shark TankHank
49%
Ladybug, Mega Beetle, ArchvillainBea
48%
Leonard, Hog Rider, SultanCarl
47%
Dark, Loki, Wood SpiritChester
47%
Corsair, Bananas, RockstarColt
47%
Loaded, Guard, ChickenRico
47%
Smuggler, Dark Bunny, Little HelperPenny
46%
___boxer, Billy the ___Kit
45%
Patrol, CrimsonR-T
45%
Corrupted, Tropical, Ruby PrinceSprout
45%
Crocodile, ChainsawBuster
43%
Cat Burglar, Doll, SkadiJessie
43%
____lante, Vicious, RJBibi
42%
Odin, Sporemind, RaiderCordelius
42%
MC, Hanbok, MagmaMandy
41%
Tusked, Panda, NianNita
41%
Robo, Chef, SantaDynamike
38%
Pitcher, Ferocious, KabochaFang
38%
Frost Queen, De La VegaAmber
37%
Power Ranger, Zom_____, Boom BoxBrock
36%
Ringmaster, Overlord, WizardByron
36%
StrawberryLily
36%
King, Burger, SmoothLou
36%
Count ____ula, Fly, DarumaMr. P
36%
Scorpion, AxlWillow
36%
ElfAngelo
35%
Thief, Tata, BlackbirdEdgar
34%
Mean Girl, Superfan, DJEmz
33%
Hockey, Beach, RockabillyMortis
33%
Holiday, Evil Queen, StonksPam
33%
Jock, Santa, WickedStu
33%
Cony, GT, PantherMax
32%
DracoDoug
31%
Mang, Lion, TouchdownBull
30%
Chimmy, Ronin, MarshallRuffs
29%
Snowman, Shooky, King CrabTick
29%
Retro, Sally, BellNani
28%
High Score, Sleigher, Sunken ChestGriff
27%
Tempest, Ragequit, Street NinjaTara
27%
Marauder, Tech, Jungle QueenMaisie
26%
_____y Note, Potato, NerdSqueak
26%
Goldhand, Ivy, CoralBelle
24%
White, Captain, ____boneCrow
24%
W, Oni, Phar____Otis
24%
Yeti, Caeser, Dark ClownSam
24%
Brother, Warrior, MechaBo
22%
Controllers, GlitchLarry and Lawrie
22%
The Stray, Sally, White WolfLeon
22%
Lavish, Galaxy Storm, RebelLola
22%
Wukong, Macaron, GrouchMico
22%
Fenrir, Director, KaijuBuzz
21%
Jetski, Gift Express, Ultra DrillerJacky
20%
Cheerleader, Major, MantisRosa
19%
Rosie, Amazing, VirusCharlie
17%
Spiky, Baiku, MothraEve
16%
Trash, Starr, CCTVPoco
16%
Dark Fairy, Valkyrie, G-ForceJanet
15%
Toon, Logmas, MaskSpike
14%
Periscope, VintagePearl
13%
Dark KnightDraco
10%

Score Distribution

Percentile by Number Answered

Percent of People with Each Score

Your Score History

You have not taken this quiz since the last reset